000 00592nam a2200169 i 4500
001 46147
003 ES-MaACL
005 20230906161333.0
007 t|
008 030328s1882 fr |||| | fre d
100 1 _aCollot, Louis.
_939755
245 1 0 _aSouvenirs d'un naturaliste áa bord de la Junon, suivis d'observations sur la météorologie et sur les colorations accidentelles des eaux de la mer /
_cpar L. Collot.
260 _aParis :
_bF. Savy,
_c1882.
300 _a2 t. en 1 v. ;
_c25 cm.
650 4 _aExpediciones científicas-
_yS.XIX.
_9142390
852 _aES-MaACL
_jT-904-F-10
999 _c46147
_d46147